00373nam a2200145Ia 4500008004100000020001800041041000800059082001700067100004000084245002300124250000600147260004500153300000900198650002000207210716s2003 xx 000 0 und d a9788131729151 aeng a657.046 SHUM aShukla, M C;Grewal, T S;Gupta, S C. aAdvanced accounts. a1 aNew DelhibS Chand and Company Ltdc2003 a32.8 aAccounting(657)